Top 10 NBA Players (NBA 2K13) - Statistics

General Stats
  • This quiz has been taken 21,708 times
  • The average score is 6 of 11
Answer Stats
Rank Rating Player % Correct
1 98 LeBron James
99%
3 94 Kevin Durant
85%
6 93 Kobe Bryant
83%
5 93 Dwyane Wade
72%
7 93 Russell Westbrook
62%
4 94 Chris Paul
57%
8 92 Derrick Rose
51%
9 92 Carmelo Anthony
45%
2 96 Dwight Howard
44%
10 90 Rajon Rondo
18%
10 90 Deron Williams
15%
No matching quizzes found
Score Distribution
Percent of People with Each Score
Percentile by Number Answered
Your Score History
You have not taken this quiz